<?xml version="1.0" encoding="UTF-8"?>
<record
    xmlns:xsi="http://www.w3.org/2001/XMLSchema-instance"
    xsi:schemaLocation="http://www.loc.gov/MARC21/slim http://www.loc.gov/standards/marcxml/schema/MARC21slim.xsd"
    xmlns="http://www.loc.gov/MARC21/slim">

  <leader>01345nam a22002297a 4500</leader>
  <controlfield tag="001">6679</controlfield>
  <controlfield tag="003">FISKH</controlfield>
  <controlfield tag="005">20250520124751.0</controlfield>
  <controlfield tag="008">250520b        cb ||||| |||| 00| 0 eng d</controlfield>
  <datafield tag="040" ind1=" " ind2=" ">
    <subfield code="a">FISKH</subfield>
    <subfield code="b">khr</subfield>
    <subfield code="c">FISKH</subfield>
    <subfield code="d">FISKH</subfield>
  </datafield>
  <datafield tag="082" ind1=" " ind2=" ">
    <subfield code="a">510</subfield>
  </datafield>
  <datafield tag="100" ind1=" " ind2=" ">
    <subfield code="a">Borith, Tong</subfield>
  </datafield>
  <datafield tag="245" ind1=" " ind2=" ">
    <subfield code="a">&#x1780;&#x17C6;&#x1793;&#x17C2;&#x179B;&#x17C6;&#x17A0;&#x17B6;&#x178F;&#x17CB; &#x179F;&#x1798;&#x17B8;&#x1780;&#x17B6;&#x179A;-&#x179C;&#x17B7;&#x179F;&#x1798;&#x17B8;&#x1780;&#x17B6;&#x179A;&#x200B;&#x200B;/</subfield>
    <subfield code="c">&#x17A2;&#x17D2;&#x1793;&#x1780;&#x179A;&#x17C0;&#x1794;&#x179A;&#x17C0;&#x1784; &#x178F;&#x17BB;&#x1784; &#x1794;&#x17BC;&#x179A;&#x17B7;&#x1791;&#x17D2;&#x1792;</subfield>
  </datafield>
  <datafield tag="260" ind1=" " ind2=" ">
    <subfield code="a">&#x1797;&#x17D2;&#x1793;&#x17C6;&#x1796;&#x17C1;&#x1789; :</subfield>
    <subfield code="b">&#x1796;&#x17C5;&#x17A1;&#x17B6;&#x17C6;&#x1784;&#x1782;&#x17D2;&#x179A;&#x17BB;&#x1799; ,</subfield>
    <subfield code="c">&#x17E2;&#x17E0;&#x17E0;&#x17E0; .</subfield>
  </datafield>
  <datafield tag="300" ind1=" " ind2=" ">
    <subfield code="a">143 pages : </subfield>
    <subfield code="b">illustrations ; </subfield>
    <subfield code="c">21 cm . </subfield>
  </datafield>
  <datafield tag="520" ind1=" " ind2=" ">
    <subfield code="a">&#x179F;&#x17C0;&#x179C;&#x1797;&#x17C5;&#x1793;&#x17C1;&#x17C7;&#x1787;&#x17B6;&#x1787;&#x17C6;&#x1793;&#x17BD;&#x1799;&#x1796;&#x17B7;&#x179F;&#x17C1;&#x179F;&#x179F;&#x17C6;&#x179A;&#x17B6;&#x1794;&#x17CB;&#x179F;&#x17B7;&#x179F;&#x17D2;&#x179F;&#x17B6;&#x1793;&#x17BB;&#x179F;&#x17B7;&#x179F;&#x17D2;&#x179F;&#x178A;&#x17C2;&#x179B;&#x1798;&#x17B6;&#x1793;&#x1794;&#x17C6;&#x1793;&#x1784;&#x1785;&#x1784;&#x17CB;&#x1780;&#x17D2;&#x179B;&#x17B6;&#x1799;&#x1781;&#x17D2;&#x179B;&#x17BD;&#x1793;&#x1787;&#x17B6;&#x179F;&#x17B7;&#x179F;&#x17D2;&#x179F;&#x1796;&#x17BC;&#x1780;&#x17C2;&#x1795;&#x17D2;&#x1793;&#x17C2;&#x1780;&#x1798;&#x17BB;&#x1781;&#x179C;&#x17B7;&#x1787;&#x17D2;&#x1787;&#x17B6;&#x1782;&#x178E;&#x17B7;&#x178F;&#x179C;&#x17B7;&#x1791;&#x17D2;&#x1799;&#x17B6; &#x1793;&#x17B7;&#x1784;&#x1794;&#x17D2;&#x179A;&#x179B;&#x1784;&#x1785;&#x17BC;&#x179B;&#x1798;&#x17A0;&#x17B6;&#x179C;&#x17B7;&#x1791;&#x17D2;&#x1799;&#x17B6;&#x179B;&#x17D0;&#x1799;&#x1793;&#x17B6;&#x1793;&#x17B6;&#x17D4;&#x200B;</subfield>
  </datafield>
  <datafield tag="520" ind1=" " ind2=" ">
    <subfield code="a">This book is a special resource for students who aspire to become outstanding performers in mathematics and who are preparing for entrance exams to various universities."</subfield>
  </datafield>
  <datafield tag="650" ind1=" " ind2=" ">
    <subfield code="a">&#x179F;&#x1798;&#x17B8;&#x1780;&#x17B6;&#x179A;-&#x179C;&#x17B7;&#x179F;&#x1798;&#x17B8;&#x1780;&#x17B6;&#x179A; </subfield>
    <subfield code="v">&#x1782;&#x178E;&#x17B7;&#x178F;&#x179C;&#x17B7;&#x1791;&#x17D2;&#x1799;&#x17B6; </subfield>
  </datafield>
  <datafield tag="650" ind1=" " ind2=" ">
    <subfield code="a">Samika-Visamika</subfield>
    <subfield code="v">Mathematics </subfield>
  </datafield>
  <datafield tag="942" ind1=" " ind2=" ">
    <subfield code="2">ddc</subfield>
    <subfield code="c">BK</subfield>
    <subfield code="n">0</subfield>
  </datafield>
  <datafield tag="999" ind1=" " ind2=" ">
    <subfield code="c">6679</subfield>
    <subfield code="d">6679</subfield>
  </datafield>
  <datafield tag="952" ind1=" " ind2=" ">
    <subfield code="0">0</subfield>
    <subfield code="1">0</subfield>
    <subfield code="2">ddc</subfield>
    <subfield code="4">0</subfield>
    <subfield code="7">0</subfield>
    <subfield code="8">KH</subfield>
    <subfield code="a">002</subfield>
    <subfield code="b">002</subfield>
    <subfield code="c">SKB</subfield>
    <subfield code="d">2025-05-20</subfield>
    <subfield code="l">0</subfield>
    <subfield code="o">BOR 510</subfield>
    <subfield code="p">2025-1339</subfield>
    <subfield code="r">2025-05-20 12:47:47</subfield>
    <subfield code="w">2025-05-20</subfield>
    <subfield code="y">BK</subfield>
  </datafield>
</record>
